| 000 | 00733nam a2200217 a 4500 | ||
|---|---|---|---|
| 999 |
_c3994 _d3994 |
||
| 003 | OSt | ||
| 005 | 20241204143705.0 | ||
| 008 | 061101s2005 enka j b 001 0 eng d | ||
| 020 | _a9781405055192 | ||
| 040 |
_aStDuBDS _beng _dCaOL _cKH8 |
||
| 082 | _a331.3109 ROB | ||
| 100 | 1 |
_aRobinson, Tony, _d1946- _eaut. |
|
| 245 | 1 | 4 |
_aThe worst children's jobs in history / _cTony Robinson ; illustrated by Mike Phillips. |
| 260 |
_aLondon : _bMacmillan Children's Books, _c2005. |
||
| 300 |
_a104 p. : _bill (some col.) ; _c26 cm. |
||
| 504 | _aIncludes bibliographical references and index. | ||
| 650 | 0 |
_aChild labor _xHistory. |
|
| 650 | 0 |
_aChildren _xEmployment _xHistory. |
|
| 700 | 1 |
_aPhillips, Mike, _d1961- _eIll. |
|
| 942 |
_2ddc _cNFIC |
||